[Event "SLO-chT2 West"]
[Site "Kranj"]
[Date "2005.10.16"]
[Round "4.2"]
[White "Gubic, Stefan"]
[Black "Belec, Iztok"]
[Result "0-1"]
[WhiteElo "1847"]
[BlackElo "1862"]
[PlyCount "102"]
[EventDate "2005.10.14"]
[EventType "team"]
[EventRounds "5"]
[EventCountry "SLO"]
[SourceTitle "EXT 2009"]
[Source "ChessBase"]
[SourceDate "2008.11.26"]
[SourceVersion "1"]
[SourceVersionDate "2008.11.26"]
[SourceQuality "1"]

1. c4 e6 2. Nc3 Bb4 3. Nf3 Bxc3 4. dxc3 f5 5. Bg5 Nf6 6. Qd4 0-0 7. Ne5 d6 8. 0-0-0 Qe8 9. Bxf6 Rxf6 10. Nf3 Qa4 11. Kb1 Nc6 12. Qd3 b6 13. e3 Bb7 14. Qc2 Qxc2+ 15. Kxc2 e5 16. Rg1 Ne7 17. Nd2 Raf8 18. Be2 f4 19. exf4 Rxf4 20. Bf3 Bxf3 21. gxf3 Ng6 22. Rg3 Nh4 23. Kd3 Nxf3 24. Nxf3 Rxf3+ 25. Rxf3 Rxf3+ 26. Ke2 Rh3 27. Rh1 Rh4 28. b3 Kf7 29. h3 Kf6 30. Kf3 g5 31. Kg3 h5 32. Re1 Kf5 33. f3 a5 34. a4 Rf4 35. Rd1 h4+ 36. Kg2 Ke6 37. Rd3 e4 38. Re3 Kf5 39. Kf2 Rxf3+ 40. Rxf3+ exf3 41. Kxf3 g4+ 42. hxg4+ Kg5 43. b4 c6 44. c5 dxc5 45. bxa5 bxa5 46. c4 h3 47. Kg3 h2 48. Kxh2 Kxg4 49. Kg2 Kf4 50. Kf2 Ke4 51. Ke2 Kd4 0-1

[Event "SLO-chT2 West"]
[Site "Kranj"]
[Date "2005.10.15"]
[Round "3.2"]
[White "Gubic, Stefan"]
[Black "Trivuncevic, Bosko"]
[Result "0-1"]
[WhiteElo "1847"]
[BlackElo "2023"]
[PlyCount "63"]
[EventDate "2005.10.14"]
[EventType "team"]
[EventRounds "5"]
[EventCountry "SLO"]
[SourceTitle "EXT 2009"]
[Source "ChessBase"]
[SourceDate "2008.11.26"]
[SourceVersion "1"]
[SourceVersionDate "2008.11.26"]
[SourceQuality "1"]

1. c4 Nc6 2. Nf3 Nf6 3. Nc3 d6 4. d4 Bg4 5. h3 Bd7 6. e4 e5 7. d5 Ne7 8. Bg5 Ng6 9. Qd2 Be7 10. g4 c6 11. Bd3 h6 12. Be3 c5 13. Bc2 a6 14. 0-0-0 b5 15. Bb3 b4 16. Ne2 Nxe4 17. Qc2 f5 18. Nh2 0-0 19. Ng3 Nxg3 20. fxg3 a5 21. Ba4 Bxa4 22. Qxa4 f4 23. gxf4 Nxf4 24. Bxf4 Rxf4 25. Qc2 a4 26. Qe2 Bg5 27. Kb1 Qf6 28. Rhf1 Qg6+ 29. Ka1 a3 30. b3 Bf6 31. g5 hxg5 32. Ng4 0-1